Analýza vplyvu rušivých fyzikálnych javov na meranie počiatočnej doby dozvuku : Kand.diz.práca : V.odb. 26-16-9 : Obh. 25.05.1977 /

Na minha lista:
Detalhes bibliográficos
Autor principal: Paško, Miroslav, 1938- (Author)
Outros Autores: Chmúrny, Ján (Thesis advisor)
Formato: Manuscrito Livro
Publicado em: Bratislava : SVŠT v Bratislave EF, 1976
Assuntos:
Tags: Adicionar Tag
Sem tags, seja o primeiro a adicionar uma tag!

MARC

LEADER 00000ntm a22000003a 4500
001 stu5589
005 20150617225808.3
008 ------s1976----------------------------d
040 |a STU  |b slo 
041 0
100 1 |a Paško, Miroslav,  |d 1938-  |4 aut  |u E230  |U FEI Fakulta elektrotechniky a informatiky  |T FEI Katedra rádioelektroniky  |X 4685  |U E230  |Y 71  |7 A000004685 
245 1 |a Analýza vplyvu rušivých fyzikálnych javov na meranie počiatočnej doby dozvuku :  |b Kand.diz.práca : V.odb. 26-16-9 : Obh. 25.05.1977 /  |c [aut.] Paško,Miroslav, Ing.; Škol. Chmúrny,Ján 
260 |a Bratislava :  |b SVŠT v Bratislave EF,  |c 1976 
300 |a 92 s :  |b 58 s.príl 
650 7 |a Meracia technika  |2 stusub 
700 1 |a Chmúrny, Ján  |4 ths 
996 |b 284ED00617  |c E*KDIZ-176  |l EE01  |s A  |a 24  |w stu5589_0001